Vista normal
Vista MARC
Entrada Personal Name
Número de registros utilizados en: 1
001 - CONTROL NUMBER
- control field: 37544
003 - CONTROL NUMBER IDENTIFIER
- control field: OSt
005 - DATE AND TIME OF LATEST TRANSACTION
- control field: 20210511122240.0
008 - FIXED-LENGTH DATA ELEMENTS
- fixed length control field: 210511|| aca||aabn | a|a d
040 ## - CATALOGING SOURCE
- Original cataloging agency: OSt
- Transcribing agency: OSt
100 ## - HEADING--PERSONAL NAME
- Personal name: Awad, José Elías
670 ## - SOURCE DATA FOUND
- Source citation: Work cat.: (OSt)7653: Rodríguez V., Gregorio, 15013 investigador, Comportamiento tributario de una muestra de contribuyentes profesionales, sector medico de Bogotá / , 1973